La nueva granja /
| Autor principal: | |
|---|---|
| Formato: | Livro |
| Idioma: | espanhol |
| Publicado em: |
San José, Costa Rica :
EUNED,
2010
|
| Assuntos: |
MARC
| LEADER | 00000nam a2200000Ia 4500 | ||
|---|---|---|---|
| 008 | 170207b2010 cr ||||| |||| 00| | spa d | ||
| 999 | |c 551 |d 551 | ||
| 020 | |a 9789968318075 | ||
| 090 | |a 05.05.03 |b 1014 | ||
| 100 | 1 | |a Valverde Limbrick, Hellen Roxana |9 2405 | |
| 245 | 1 | 3 | |a La nueva granja / |c Roxana Valverde Limbrick |
| 260 | |a San José, Costa Rica : |b EUNED, |c 2010 | ||
| 300 | |a 70 páginas | ||
| 650 | 1 | 4 | |a LITERATURA |9 655 |
| 650 | 1 | 4 | |a LITERATURA INFANTIL |9 2064 |
| 651 | 4 | |a COSTA RICA |9 47 | |
| 942 | |i 002412 |h 05.05.03 1014 |2 z |c 01 | ||
